[Event "XIII Abierto de La Pobla de Lillet"]
[Site "Barcelona"]
[Date "2003.??.??"]
[Round "4"]
[White "Pascual Genoves, Marc"]
[Black "De la Paz, Frank"]
[Result "0-1"]
[WhiteElo "2092"]
[BlackElo "2442"]
[PlyCount "90"]
[EventDate "2003.08.02"]
[Source "lmi"]
[SourceDate "2003.08.10"]

1. e4 e5 2. Nf3 d6 3. d4 exd4 4. Qxd4 Nf6 5. Bg5 Be7 6. Nc3 O-O 7. O-O-O Nbd7
8. h3 Re8 9. Qd2 c6 10. Bd3 Nc5 11. Rhe1 Ne6 12. Bh4 Nc5 13. Bg3 Be6 14. Nd4
Qa5 15. Nxe6 Nxe6 16. Kb1 Nh5 17. Bh2 Bg5 18. Qe2 Nhf4 19. Bxf4 Bxf4 20. Qg4
Be5 21. Ne2 Qb6 22. c3 Qxf2 23. Rf1 Qe3 24. Bc4 b5 25. Rf3 Qh6 26. Bb3 a5 27.
Nd4 Bxd4 28. cxd4 a4 29. Bxe6 Rxe6 30. Rdf1 Re7 31. Rf4 c5 32. d5 Rae8 33. Qf3
f6 34. Re1 Qg5 35. h4 Qe5 36. g4 b4 37. g5 a3 38. Qf2 fxg5 39. hxg5 Qxb2+ 40.
Qxb2 axb2 41. g6 hxg6 42. Rg4 g5 43. Rxg5 Rxe4 44. Rxe4 Rxe4 45. Rg6 Re2 0-1

[Event "XIII Abierto de La Pobla de Lillet"]
[Site "Barcelona"]
[Date "2003.??.??"]
[Round "4"]
[White "Borges Mateos, Juan"]
[Black "Peric, Slavisa"]
[Result "1-0"]
[WhiteElo "2441"]
[BlackElo "2251"]
[PlyCount "75"]
[EventDate "2003.08.02"]
[Source "lmi"]
[SourceDate "2003.08.10"]

1. Nf3 d5 2. d4 c6 3. c4 Nf6 4. Nc3 a6 5. e3 b5 6. b3 Bg4 7. Qc2 e6 8. Ne5 Bf5
9. Bd3 Bxd3 10. Nxd3 Nbd7 11. c5 a5 12. b4 a4 13. f3 Be7 14. O-O Qb8 15. e4 O-O
16. Bf4 Qd8 17. Qf2 Nh5 18. Bd6 Bxd6 19. cxd6 Nb6 20. g4 dxe4 21. fxe4 Qg5 22.
Ne5 f6 23. h4 Qf4 24. Qxf4 Nxf4 25. Nxc6 e5 26. Nxb5 Ne2+ 27. Kf2 Nxd4 28.
Nbxd4 exd4 29. Rfd1 Nd7 30. Rxd4 Ne5 31. Ne7+ Kf7 32. Kg3 Rfd8 33. Rc1 Ke6 34.
Rc7 Rd7 35. b5 Rb8 36. Rd5 Rxd6 37. Nf5 Rd7 38. Rd6+ 1-0

[Event "XIII Abierto de La Pobla de Lillet"]
[Site "Barcelona"]
[Date "2003.??.??"]
[Round "4"]
[White "Baches Garcia, Guillermo"]
[Black "Westerinen, Heikki MJ"]
[Result "1/2-1/2"]
[WhiteElo "2399"]
[BlackElo "2351"]
[PlyCount "20"]
[EventDate "2003.08.02"]
[Source "lmi"]
[SourceDate "2003.08.10"]

1. e4 c5 2. Nf3 d6 3. c3 Nf6 4. h3 Nbd7 5. Bd3 g6 6. Bc2 Bg7 7. d4 O-O 8. e5
Ne8 9. Qe2 Nc7 10. O-O b6 1/2-1/2

[Event "XIII Abierto de La Pobla de Lillet"]
[Site "Barcelona"]
[Date "2003.??.??"]
[Round "4"]
[White "Riera Sola, Lluis"]
[Black "Asensio Lisan, Teodoro"]
[Result "0-1"]
[WhiteElo "2054"]
[BlackElo "2222"]
[PlyCount "46"]
[EventDate "2003.08.02"]
[Source "lmi"]
[SourceDate "2003.08.10"]

1. e4 c5 2. Nc3 g6 3. g3 Bg7 4. Bg2 Nc6 5. Nge2 d6 6. O-O Rb8 7. d3 Bd7 8. Be3
Nd4 9. f4 b5 10. Qd2 b4 11. Nd1 Qa5 12. Kh1 Qa4 13. Nxd4 cxd4 14. Bg1 Rc8 15.
Rf2 Nh6 16. h3 O-O 17. a3 a5 18. b3 Qb5 19. a4 Qh5 20. Qe2 Bg4 21. Qf1 f5 22.
Nb2 fxe4 23. Bh2 e3 0-1

[Event "XIII Abierto de La Pobla de Lillet"]
[Site "Barcelona"]
[Date "2003.??.??"]
[Round "4"]
[White "Jose Iraeta, Alexandre"]
[Black "Basas Gamazo, Josep"]
[Result "1-0"]
[WhiteElo "2191"]
[BlackElo "2045"]
[PlyCount "61"]
[EventDate "2003.08.02"]
[Source "lmi"]
[SourceDate "2003.08.10"]

1. d4 Nf6 2. Bg5 g6 3. Bxf6 exf6 4. c4 f5 5. e3 Bg7 6. Ne2 d5 7. cxd5 Qxd5 8.
Nbc3 Qa5 9. g3 O-O 10. Bg2 c6 11. Qb3 Na6 12. O-O Rb8 13. Nf4 Qb4 14. Qxb4 Nxb4
15. a3 Na6 16. b4 Nc7 17. Na4 Be6 18. Nc5 Rfd8 19. Rfc1 Bd5 20. Nxd5 Nxd5 21.
Rc2 Kf8 22. Rac1 Bh6 23. Kh1 Bg5 24. Bf1 a6 25. h4 Be7 26. Bg2 h5 27. Rb1 Ke8
28. a4 Nc7 29. Nxb7 Rdc8 30. Bxc6+ Kf8 31. Bd7 1-0

[Event "XIII Abierto de La Pobla de Lillet"]
[Site "Barcelona"]
[Date "2003.??.??"]
[Round "4"]
[White "Gallego Montes, Antonio"]
[Black "Mitjavila Badia, Josep"]
[Result "0-1"]
[WhiteElo "2039"]
[BlackElo "2136"]
[PlyCount "110"]
[EventDate "2003.08.02"]
[Source "lmi"]
[SourceDate "2003.08.10"]

1. e4 c5 2. Nf3 d6 3. d4 cxd4 4. Nxd4 Nf6 5. Nc3 a6 6. Bg5 e6 7. f4 h6 8. Bh4
Qa5 9. Qf3 Be7 10. O-O-O Qh5 11. Qxh5 Nxh5 12. Bxe7 Kxe7 13. f5 Nc6 14. g4 Nf6
15. h3 Bd7 16. Bg2 Ne5 17. Rhe1 Rhc8 18. Nf3 Nxf3 19. Bxf3 Bc6 20. Re3 Nd7 21.
Ne2 Ne5 22. Nd4 b5 23. Kb1 Bb7 24. Be2 Rc5 25. Nf3 Rac8 26. Nxe5 Rxe5 27. Bd3
exf5 28. gxf5 d5 29. Rde1 dxe4 30. Bxe4 Rxe4 31. Rxe4+ Bxe4 32. Rxe4+ Kf6 33.
a4 Kxf5 34. Re7 Kf6 35. Rb7 bxa4 36. Rb4 g5 37. Rxa4 Rc6 38. c4 Ke5 39. Kc2 Kd4
40. b3 f5 41. Kd2 f4 42. Ra5 Rf6 43. Rd5+ Ke4 44. Ke2 Rb6 45. Rd3 a5 46. c5 Rc6
47. Rd6 Rxc5 48. Re6+ Kd4 49. Rxh6 Rc2+ 50. Kd1 Rh2 51. Rh5 Kd3 52. Ke1 Ke3 53.
Kf1 f3 54. Rxg5 Rh1+ 55. Rg1 Rxg1+ 0-1

[Event "XIII Abierto de La Pobla de Lillet"]
[Site "Barcelona"]
[Date "2003.??.??"]
[Round "4"]
[White "Melchor Muñoz, Alejandro"]
[Black "Ayza Leon, David"]
[Result "0-1"]
[WhiteElo "2134"]
[BlackElo "2030"]
[PlyCount "68"]
[EventDate "2003.08.02"]
[Source "lmi"]
[SourceDate "2003.08.10"]

1. e4 e5 2. f4 exf4 3. Nf3 g5 4. h4 g4 5. Ne5 h5 6. Bc4 Nh6 7. d4 Qf6 8. O-O f3
9. Bg5 Qg7 10. Nc3 f6 11. Nd5 fxg5 12. Nxc7+ Kd8 13. Nxa8 Bd6 14. Qd2 gxh4 15.
Qa5+ b6 16. Qxa7 Bxe5 17. Qxb6+ Ke7 18. dxe5 Qxe5 19. Nc7 h3 20. Rf2 Nc6 21.
gxf3 g3 22. Nd5+ Ke8 23. Rd2 h2+ 24. Kh1 h4 25. Re1 h3 26. f4 g2+ 27. Kxh2 Ng4+
28. Kg1 Qh5 29. Nc7+ Ke7 30. Rxd7+ Bxd7 31. Nd5+ Kf8 32. Qc5+ Kg7 33. Qa3 h2+
34. Kxg2 h1=Q+ 0-1

[Event "XIII Abierto de La Pobla de Lillet"]
[Site "Barcelona"]
[Date "2003.??.??"]
[Round "4"]
[White "Nogue Fajula, Joan"]
[Black "Garcia Galeote, Lorenzo"]
[Result "1/2-1/2"]
[WhiteElo "2024"]
[BlackElo "2123"]
[PlyCount "84"]
[EventDate "2003.08.02"]
[Source "lmi"]
[SourceDate "2003.08.10"]

1. d4 d5 2. Nf3 Nf6 3. e3 Bf5 4. c4 e6 5. Qb3 Nc6 6. Bd2 Rb8 7. cxd5 exd5 8.
Nc3 Bd6 9. Nxd5 Ne4 10. Nc3 Nxd2 11. Nxd2 O-O 12. Be2 Re8 13. Nf3 b5 14. O-O b4
15. Na4 Re6 16. g3 Bg4 17. Qc2 Rh6 18. Qxc6 Bxg3 19. Qxh6 gxh6 20. hxg3 Qf6 21.
Kg2 Rb5 22. Nc5 Rb6 23. Rac1 h5 24. Bd1 Qf5 25. Ng1 Qd5+ 26. Kh2 Qxa2 27. b3
Rf6 28. Kg2 Qa5 29. Nf3 Qb5 30. Nd2 Be2 31. Bxe2 Qxe2 32. Nde4 Qf3+ 33. Kh2 Rf5
34. Ra1 h4 35. Rh1 hxg3+ 36. Nxg3 Qxf2+ 37. Kh3 Rf6 38. Nce4 Rh6+ 39. Kg4 Rg6+
40. Kh3 Rh6+ 41. Kg4 Rg6+ 42. Kh3 Rh6+ 1/2-1/2

[Event "XIII Abierto de La Pobla de Lillet"]
[Site "Barcelona"]
[Date "2003.??.??"]
[Round "4"]
[White "Garcia Miracle, Joan Josep"]
[Black "Masachs Vendrell, Francesco"]
[Result "0-1"]
[WhiteElo "2106"]
[BlackElo "2006"]
[PlyCount "72"]
[EventDate "2003.08.02"]
[Source "lmi"]
[SourceDate "2003.08.10"]

1. e4 e6 2. d4 d5 3. Nc3 dxe4 4. Nxe4 Nf6 5. Bg5 Nbd7 6. Nf3 Be7 7. Bxf6 Nxf6
8. Bd3 Bd7 9. Ne5 c6 10. c3 Qc7 11. Qc2 Nd5 12. g3 f6 13. Nf3 O-O-O 14. O-O-O
Be8 15. Rhe1 Bf7 16. Kb1 Rhe8 17. a3 c5 18. Qa4 Kb8 19. Bb5 Rh8 20. Bf1 Qb6 21.
Qb5 Qxb5 22. Bxb5 Bg6 23. Ka2 cxd4 24. cxd4 e5 25. Nc5 Bh5 26. Be2 Bf7 27. Nb3
a5 28. Ka1 Nc3 29. bxc3 Bxb3 30. Rb1 Bc2 31. Rb2 Bg6 32. Ba6 Rd7 33. Bb5 Rc7
34. Re3 Bxa3 35. Rb3 Bc1 36. Re1 Bc2 0-1

[Event "XIII Abierto de La Pobla de Lillet"]
[Site "Barcelona"]
[Date "2003.??.??"]
[Round "4"]
[White "Moreno Fernandez, Hector"]
[Black "Casamitjana Nuñez, Andreu"]
[Result "1-0"]
[WhiteElo "2075"]
[BlackElo "1838"]
[PlyCount "57"]
[EventDate "2003.08.02"]
[Source "lmi"]
[SourceDate "2003.08.10"]

1. e4 Nf6 2. e5 Nd5 3. d4 d6 4. c4 Nb6 5. f4 dxe5 6. fxe5 Nc6 7. Be3 Bf5 8. Nc3
e6 9. Nf3 Be7 10. Be2 O-O 11. O-O f6 12. a3 fxe5 13. d5 e4 14. Nd2 exd5 15.
cxd5 Ne5 16. Bd4 Bd6 17. Ndxe4 Bxe4 18. Nxe4 Nxd5 19. Qb3 c6 20. Nxd6 Qxd6 21.
Qxb7 Rfc8 22. Qa6 Kh8 23. Qa5 Rf8 24. Rxf8+ Rxf8 25. Qxa7 Nf4 26. Bf1 Ne6 27.
Bc3 Ng4 28. g3 Rf7 29. Qxf7 1-0

[Event "XIII Abierto de La Pobla de Lillet"]
[Site "Barcelona"]
[Date "2003.??.??"]
[Round "5"]
[White "Movsziszian, Karen"]
[Black "Peralta, Fernando"]
[Result "1/2-1/2"]
[WhiteElo "2461"]
[BlackElo "2505"]
[PlyCount "92"]
[EventDate "2003.08.02"]
[Source "lmi"]
[SourceDate "2003.08.10"]

1. g3 Nf6 2. Bg2 g6 3. e4 d6 4. d4 Bg7 5. Nc3 O-O 6. Nge2 e5 7. h3 c6 8. a4
exd4 9. Nxd4 Na6 10. O-O Nb4 11. a5 Re8 12. f4 d5 13. e5 Ne4 14. Nxe4 dxe4 15.
c3 Nd3 16. Be3 f5 17. a6 bxa6 18. Nxc6 Qc7 19. Nb4 Nxb2 20. Qb3+ Nc4 21. Bd4
Qf7 22. Qc2 a5 23. Nc6 Be6 24. Nxa5 Bf8 25. Rf2 Reb8 26. Bf1 Rb2 27. Qc1 Rxf2
28. Kxf2 Nb6 29. c4 Rc8 30. c5 Nd5 31. Rb1 g5 32. Nb7 gxf4 33. gxf4 Qh5 34. Rb3
Bh6 35. Bc4 Nxf4 36. Bxe6+ Nxe6 37. Qc4 Re8 38. Nd6 Re7 39. c6 Qh4+ 40. Rg3+
Kf8 41. Qb4 Qf4+ 42. Kg2 Qd2+ 43. Qxd2 Bxd2 44. Nxf5 Rc7 45. Ra3 Rxc6 46. Rxa7
Rc2 1/2-1/2

[Event "XIII Abierto de La Pobla de Lillet"]
[Site "Barcelona"]
[Date "2003.??.??"]
[Round "5"]
[White "Pogorelov, Ruslan"]
[Black "Borges Mateos, Juan"]
[Result "1/2-1/2"]
[WhiteElo "2449"]
[BlackElo "2441"]
[PlyCount "119"]
[EventDate "2003.08.02"]
[Source "lmi"]
[SourceDate "2003.08.10"]

1. Nf3 d5 2. d4 c5 3. c4 dxc4 4. e3 Nf6 5. Bxc4 e6 6. O-O a6 7. dxc5 Qxd1 8.
Rxd1 Bxc5 9. Nbd2 Nbd7 10. Nb3 Be7 11. Be2 Nb6 12. Na5 O-O 13. Bd2 Ne4 14. Be1
Rd8 15. Rxd8+ Bxd8 16. Rd1 Nd5 17. Nd4 Ndc3 18. bxc3 Bxa5 19. Nb3 Bc7 20. c4 e5
21. Bf3 Ng5 22. Bd5 Rb8 23. h4 Ne6 24. c5 Kf8 25. Bb4 Ke8 26. Nd2 Bd7 27. Nc4
Bc6 28. Bxe6 fxe6 29. Bc3 Bd5 30. Bxe5 Bxc4 31. Bxc7 Rc8 32. Bb6 Bxa2 33. f3
Bb3 34. Rd3 Bc4 35. Rd4 Bb5 36. Rg4 Kf7 37. Rf4+ Ke8 38. Rg4 Kf7 39. Kf2 a5 40.
Bxa5 Rxc5 41. Bb6 Rc2+ 42. Kg1 Rc4 43. Rg5 Bc6 44. Bd4 g6 45. h5 b5 46. h6 b4
47. Ra5 Rxd4 48. exd4 b3 49. Ra6 Bd5 50. f4 g5 51. f5 exf5 52. g3 f4 53. Kf2
Ke7 54. Rb6 Kd7 55. gxf4 gxf4 56. Ke2 Kc7 57. Rb4 f3+ 58. Ke3 Kc6 59. Kf2 Kc7
60. Ke3 1/2-1/2

[Event "XIII Abierto de La Pobla de Lillet"]
[Site "Barcelona"]
[Date "2003.??.??"]
[Round "5"]
[White "De la Paz, Frank"]
[Black "Westerinen, Heikki MJ"]
[Result "1-0"]
[WhiteElo "2442"]
[BlackElo "2351"]
[PlyCount "57"]
[EventDate "2003.08.02"]
[Source "lmi"]
[SourceDate "2003.08.10"]

1. e4 e5 2. Nf3 Nc6 3. Bc4 Nf6 4. d3 Be7 5. O-O O-O 6. Re1 d6 7. c3 Bg4 8. h3
Bh5 9. Nbd2 d5 10. exd5 Nxd5 11. Ne4 Nb6 12. Bb5 f6 13. Ng3 Bg6 14. d4 Bd6 15.
Bxc6 bxc6 16. dxe5 fxe5 17. Bg5 Qe8 18. Nxe5 Bxe5 19. f4 h6 20. Rxe5 Qc8 21. f5
Bxf5 22. Bxh6 gxh6 23. Nxf5 Rxf5 24. Qg4+ Rg5 25. Rxg5+ hxg5 26. Qxg5+ Kh8 27.
Qh6+ Kg8 28. Rf1 Qd7 29. Rf6 1-0

[Event "XIII Abierto de La Pobla de Lillet"]
[Site "Barcelona"]
[Date "2003.??.??"]
[Round "5"]
[White "Baches Garcia, Guillermo"]
[Black "Companyo Pagerols, Josep M"]
[Result "1-0"]
[WhiteElo "2399"]
[BlackElo "2072"]
[PlyCount "43"]
[EventDate "2003.08.02"]
[Source "lmi"]
[SourceDate "2003.08.10"]

1. c4 e6 2. Nf3 f5 3. g3 b6 4. Bg2 Bb7 5. O-O Nf6 6. d4 Be7 7. Nc3 O-O 8. d5
Bb4 9. Bd2 Bxc3 10. Bxc3 Ne4 11. Bd4 c5 12. dxc6 Nxc6 13. Be3 Qe7 14. Nd2 Nxd2
15. Qxd2 h6 16. Rac1 Na5 17. c5 Bxg2 18. Kxg2 Rab8 19. cxb6 axb6 20. Rc7 Rfc8
21. Rfc1 Qd8 22. Bxb6 1-0

[Event "XIII Abierto de La Pobla de Lillet"]
[Site "Barcelona"]
[Date "2003.??.??"]
[Round "5"]
[White "Ayza Leon, David"]
[Black "Jose Iraeta, Alexandre"]
[Result "1/2-1/2"]
[WhiteElo "2030"]
[BlackElo "2191"]
[PlyCount "20"]
[EventDate "2003.08.02"]
[Source "lmi"]
[SourceDate "2003.08.10"]

1. Nf3 d5 2. b3 Bg4 3. Bb2 Bxf3 4. exf3 Nd7 5. Be2 Ngf6 6. O-O e6 7. d4 Bd6 8.
Nd2 c6 9. Re1 O-O 10. Bd3 a5 1/2-1/2

[Event "XIII Abierto de La Pobla de Lillet"]
[Site "Barcelona"]
[Date "2003.??.??"]
[Round "5"]
[White "Fabre Massana, Miquel"]
[Black "Oms Fuentes, Lluis"]
[Result "1/2-1/2"]
[WhiteElo "2115"]
[BlackElo "2126"]
[PlyCount "114"]
[EventDate "2003.08.02"]
[Source "lmi"]
[SourceDate "2003.08.10"]

1. e4 c5 2. Nf3 Nc6 3. d4 cxd4 4. Nxd4 Nf6 5. Nc3 e6 6. Bg5 Bb4 7. Ndb5 O-O 8.
a3 Be7 9. Be3 d6 10. Be2 a6 11. Nd4 e5 12. Nb3 Be6 13. O-O Na5 14. Nxa5 Qxa5
15. Qd2 Qc7 16. Nd5 Bxd5 17. exd5 Ne4 18. Qd3 f5 19. c4 Nc5 20. Bxc5 Qxc5 21.
b4 Qa7 22. c5 e4 23. Qb3 Kh8 24. c6 bxc6 25. dxc6 Bg5 26. Qd5 Qe7 27. Rfd1 Bf4
28. a4 e3 29. g3 exf2+ 30. Kf1 Be5 31. Rab1 f4 32. Rb3 fxg3 33. hxg3 Rae8 34.
Re3 Qg5 35. Rdd3 Qg6 36. Qe4 Qh6 37. Qh4 Qg6 38. Qe4 Qh6 39. Qh4 Qg6 40. Bh5
Qxd3+ 41. Rxd3 Bxg3 42. Bxe8 Bxh4 43. Bd7 Bd8 44. Rxd6 Bc7 45. Rd2 g5 46. Rxf2
Rxf2+ 47. Kxf2 Kg7 48. a5 Kf6 49. Bc8 Ke7 50. Bxa6 h5 51. Be2 g4 52. a6 Bb6+
53. Kg3 Kd6 54. b5 Kc7 55. Kh4 Bf2+ 56. Kxh5 Ba7 57. Kxg4 Bg1 1/2-1/2

[Event "XIII Abierto de La Pobla de Lillet"]
[Site "Barcelona"]
[Date "2003.??.??"]
[Round "5"]
[White "Masachs Vendrell, Francesco"]
[Black "Moreno Fernandez, Hector"]
[Result "1-0"]
[WhiteElo "2006"]
[BlackElo "2075"]
[PlyCount "53"]
[EventDate "2003.08.02"]
[Source "lmi"]
[SourceDate "2003.08.10"]

1. d4 Nf6 2. Nf3 c5 3. g3 e6 4. Bg2 Nc6 5. O-O d5 6. c4 dxc4 7. dxc5 Qxd1 8.
Rxd1 Bxc5 9. Nbd2 c3 10. bxc3 O-O 11. Nb3 Be7 12. Nfd4 Rd8 13. Bf4 Nxd4 14.
cxd4 Nd5 15. Bd2 Bf6 16. Be1 g6 17. Rab1 Rb8 18. Na5 Ne7 19. Bb4 Bd7 20. Nxb7
Re8 21. Bd6 Rbc8 22. Bc5 Rb8 23. Nd6 Rxb1 24. Rxb1 Rd8 25. Ne4 Nd5 26. Nxf6+
Nxf6 27. Be7 1-0

[Event "XIII Abierto de La Pobla de Lillet"]
[Site "Barcelona"]
[Date "2003.??.??"]
[Round "5"]
[White "Peric, Slavisa"]
[Black "Nogue Fajula, Joan"]
[Result "1-0"]
[WhiteElo "2251"]
[BlackElo "2024"]
[PlyCount "63"]
[EventDate "2003.08.02"]
[Source "lmi"]
[SourceDate "2003.08.10"]

1. d4 Nf6 2. Nf3 e6 3. e3 b6 4. Bd3 Bb7 5. O-O Be7 6. c4 O-O 7. Nc3 d5 8. cxd5
Nxd5 9. e4 Nxc3 10. bxc3 c5 11. Qe2 Nc6 12. Bb2 Rc8 13. a3 g6 14. Rfd1 cxd4 15.
cxd4 Bf6 16. Bb5 Na5 17. Ne5 Bc6 18. Ba6 Bb7 19. Bxb7 Nxb7 20. d5 exd5 21. Rxd5
Qe8 22. Nd7 Bxb2 23. Qxb2 f5 24. Nxf8 Qxf8 25. exf5 gxf5 26. Rd7 Nc5 27. Rxa7
Rc6 28. Qa2+ Ne6 29. Re1 Qf6 30. Qd5 Rc5 31. Qd6 Rb5 32. h3 1-0

[Event "XIII Abierto de La Pobla de Lillet"]
[Site "Barcelona"]
[Date "2003.??.??"]
[Round "5"]
[White "Moreno de la Fuente, Jose A"]
[Black "Pascual Genoves, Marc"]
[Result "1/2-1/2"]
[WhiteElo "2128"]
[BlackElo "2092"]
[PlyCount "45"]
[EventDate "2003.08.02"]
[Source "lmi"]
[SourceDate "2003.08.10"]

1. d4 d5 2. Bg5 Nd7 3. Nf3 Ngf6 4. e3 Ne4 5. Bf4 e6 6. Bd3 Bd6 7. Bxd6 Nxd6 8.
Nbd2 c5 9. c3 O-O 10. O-O Qf6 11. e4 cxd4 12. cxd4 dxe4 13. Nxe4 Nxe4 14. Bxe4
Qe7 15. Rc1 Nf6 16. Bb1 b6 17. Qd2 Bb7 18. Ne5 Rac8 19. a3 Rxc1 20. Rxc1 Rd8
21. Qf4 Qd6 22. Rd1 Qd5 23. f3 1/2-1/2

[Event "XIII Abierto de La Pobla de Lillet"]
[Site "Barcelona"]
[Date "2003.??.??"]
[Round "5"]
[White "Casamitjana Nuñez, Andreu"]
[Black "Dischinger, Frank"]
[Result "0-1"]
[WhiteElo "1838"]
[BlackElo "2227"]
[PlyCount "66"]
[EventDate "2003.08.02"]
[Source "lmi"]
[SourceDate "2003.08.10"]

1. e4 c5 2. Nf3 Nc6 3. d4 cxd4 4. c3 Nf6 5. Bd3 dxc3 6. O-O d5 7. e5 Ng4 8.
Nxc3 Ngxe5 9. Nxe5 Nxe5 10. Bb5+ Nc6 11. Qa4 e6 12. Bf4 Be7 13. Bxc6+ bxc6 14.
Qxc6+ Bd7 15. Qa6 O-O 16. Rac1 Qb6 17. Qe2 Bf6 18. h3 Bxc3 19. Rxc3 Bb5 20. Qg4
f5 21. Qg3 Bxf1 22. Be5 Rf7 23. Kxf1 Qa6+ 24. Kg1 Rc8 25. Ra3 Rc1+ 26. Kh2 Qf1
27. Qf3 Rc2 28. Bd4 Qe2 29. Qb3 Qc4 30. Qb8+ Qc8 31. Qf4 Rc4 32. Qe5 Qc7 33.
Rxa7 Qxe5+ 0-1

[Event "XIII Abierto de La Pobla de Lillet"]
[Site "Barcelona"]
[Date "2003.??.??"]
[Round "5"]
[White "Amor Alcaide, Manuel"]
[Black "Marina de la Torre, Ivan"]
[Result "1-0"]
[WhiteElo "2116"]
[BlackElo "1986"]
[PlyCount "67"]
[EventDate "2003.08.02"]
[Source "lmi"]
[SourceDate "2003.08.10"]

1. b3 e5 2. Bb2 Nc6 3. e3 Nf6 4. Nf3 d6 5. h3 Be7 6. d3 O-O 7. Nbd2 Re8 8. Be2
b6 9. e4 Bf8 10. Nc4 Ne7 11. Ne3 Ng6 12. g3 Bb7 13. c4 c6 14. h4 h5 15. Ng5 d5
16. Bxh5 dxe4 17. dxe4 Bb4+ 18. Kf1 c5 19. Nd5 Nxd5 20. cxd5 Qd6 21. Qf3 Rf8
22. Bg4 Ne7 23. Be6 fxe6 24. Qh5 Rf6 25. Qh7+ Kf8 26. Qh8+ Ng8 27. Nh7+ Kf7 28.
dxe6+ Kxe6 29. Ng5+ Ke7 30. Qxg7+ Ke8 31. Qxg8+ Rf8 32. Qc4 Bc8 33. Qc2 Ba6+
34. Kg2 1-0

[Event "XIII Abierto de La Pobla de Lillet"]
[Site "Barcelona"]
[Date "2003.??.??"]
[Round "6"]
[White "De la Paz, Frank"]
[Black "Movsziszian, Karen"]
[Result "1-0"]
[WhiteElo "2442"]
[BlackElo "2461"]
[PlyCount "65"]
[EventDate "2003.08.02"]
[Source "lmi"]
[SourceDate "2003.08.10"]

1. e4 g6 2. d4 Bg7 3. Nc3 d6 4. f4 a6 5. Nf3 b5 6. a4 b4 7. Ne2 Nd7 8. Ng3 e6
9. f5 exf5 10. exf5 Ne7 11. Bd3 O-O 12. O-O c5 13. Bg5 cxd4 14. Bc4 Nf6 15.
fxg6 hxg6 16. Nxd4 Nh7 17. Be3 d5 18. Bb3 Qd6 19. Kh1 Nf6 20. Bf4 Qc5 21. Be5
Ne4 22. Nxe4 dxe4 23. Bxg7 Kxg7 24. Qd2 f5 25. Rad1 Rh8 26. Qf4 Ra7 27. Ne2 Nc6
28. Rd6 Rd7 29. Rxd7+ Bxd7 30. Rd1 Be8 31. Qg3 Qe7 32. Nf4 Rh6 33. Rd6 1-0

[Event "XIII Abierto de La Pobla de Lillet"]
[Site "Barcelona"]
[Date "2003.??.??"]
[Round "6"]
[White "Peralta, Fernando"]
[Black "Baches Garcia, Guillermo"]
[Result "1-0"]
[WhiteElo "2505"]
[BlackElo "2399"]
[PlyCount "101"]
[EventDate "2003.08.02"]
[Source "lmi"]
[SourceDate "2003.08.10"]

1. Nf3 Nc6 2. d4 d5 3. c4 Bg4 4. cxd5 Bxf3 5. gxf3 Qxd5 6. e3 e5 7. Nc3 Bb4 8.
Bd2 Bxc3 9. bxc3 Qd6 10. Rb1 O-O-O 11. Bg2 f5 12. O-O Nf6 13. Qb3 b6 14. f4
exd4 15. Qb5 Kb7 16. Qxf5 dxe3 17. Bxe3 Rhe8 18. c4 Qe6 19. Qxe6 Rxe6 20. f5
Ree8 21. Rfd1 Rxd1+ 22. Rxd1 Re5 23. c5 Rxf5 24. a4 Ng4 25. cxb6 Nxe3 26. fxe3
cxb6 27. Rd7+ Kc8 28. Rxg7 Rc5 29. Rxh7 Ne5 30. Rxa7 Rc1+ 31. Kf2 Ng4+ 32. Kf3
Nxh2+ 33. Kf4 Rc4+ 34. Ke5 Rc2 35. Bd5 Rf2 36. Rg7 Nf1 37. Rg8+ Kc7 38. Rg7+
Kc8 39. Kd6 Rf6+ 40. Be6+ Kb8 41. Rg8+ Kb7 42. e4 Nd2 43. e5 Rh6 44. Kd5 Nb3
45. Bc8+ Kc7 46. Bf5 Rh5 47. Rg7+ Kb8 48. Bg4 Rh2 49. e6 Rd2+ 50. Kc4 Na5+ 51.
Kc3 1-0

[Event "XIII Abierto de La Pobla de Lillet"]
[Site "Barcelona"]
[Date "2003.??.??"]
[Round "6"]
[White "Pogorelov, Ruslan"]
[Black "Mitjavila Badia, Josep"]
[Result "1-0"]
[WhiteElo "2449"]
[BlackElo "2136"]
[PlyCount "85"]
[EventDate "2003.08.02"]
[Source "lmi"]
[SourceDate "2003.08.10"]

1. Nf3 d6 2. d4 Nf6 3. c4 g6 4. Nc3 Bg7 5. e4 O-O 6. Be2 e5 7. O-O Nc6 8. d5
Ne7 9. Ne1 Nd7 10. Be3 f5 11. f3 f4 12. Bf2 g5 13. a4 Ng6 14. a5 a6 15. b4 Rf7
16. c5 h5 17. c6 Nf6 18. cxb7 Bxb7 19. b5 axb5 20. Bxb5 Ba6 21. Bxa6 Rxa6 22.
Nd3 g4 23. Nb4 Ra8 24. Nc6 Qd7 25. a6 Bh6 26. Kh1 g3 27. Bg1 gxh2 28. Bf2 h4
29. Kxh2 Bg5 30. Rh1 Rh7 31. a7 Ne7 32. Rb1 Nxc6 33. dxc6 Qxc6 34. Rb8+ Kg7 35.
Rxa8 Qxa8 36. Nd5 c5 37. Nxf6 Bxf6 38. Qxd6 Qxa7 39. Bxc5 Qa8 40. Rd1 Rh5 41.
Qd7+ Kh8 42. Qf7 Rh6 43. Be7 1-0

[Event "XIII Abierto de La Pobla de Lillet"]
[Site "Barcelona"]
[Date "2003.??.??"]
[Round "6"]
[White "Borges Mateos, Juan"]
[Black "Masachs Vendrell, Francesco"]
[Result "1-0"]
[WhiteElo "2441"]
[BlackElo "2006"]
[PlyCount "43"]
[EventDate "2003.08.02"]
[Source "lmi"]
[SourceDate "2003.08.10"]

1. Nf3 d5 2. d4 e6 3. c4 Nf6 4. Nc3 Be7 5. Bg5 Nbd7 6. e3 h6 7. Bh4 O-O 8. Rc1
c6 9. Bd3 dxc4 10. Bxc4 Nd5 11. Bg3 N7f6 12. O-O Bd6 13. Ne5 Nxc3 14. bxc3 Qc7
15. Qe2 c5 16. e4 b6 17. f4 Bb7 18. f5 Nxe4 19. fxe6 Nxg3 20. exf7+ Kh7 21.
Bd3+ g6 22. Qg4 1-0

[Event "XIII Abierto de La Pobla de Lillet"]
[Site "Barcelona"]
[Date "2003.??.??"]
[Round "6"]
[White "Oms Fuentes, Lluis"]
[Black "Peric, Slavisa"]
[Result "1/2-1/2"]
[WhiteElo "2126"]
[BlackElo "2251"]
[PlyCount "36"]
[EventDate "2003.08.02"]
[Source "lmi"]
[SourceDate "2003.08.10"]

1. e4 e6 2. d4 d5 3. e5 c5 4. c3 Nc6 5. Be3 Qb6 6. Qd2 cxd4 7. cxd4 Nge7 8. Bd3
Nb4 9. Be2 Nf5 10. Nf3 Bd7 11. Nc3 Nxe3 12. fxe3 Be7 13. O-O O-O 14. a3 Nc6 15.
b4 f6 16. exf6 Bxf6 17. Bd3 Ne7 18. Kh1 g6 1/2-1/2

[Event "XIII Abierto de La Pobla de Lillet"]
[Site "Barcelona"]
[Date "2003.??.??"]
[Round "6"]
[White "Asensio Lisan, Teodoro"]
[Black "Ayza Leon, David"]
[Result "1-0"]
[WhiteElo "2222"]
[BlackElo "2030"]
[PlyCount "25"]
[EventDate "2003.08.02"]
[Source "lmi"]
[SourceDate "2003.08.10"]

1. e4 e5 2. Nf3 Nc6 3. Bc4 Bc5 4. c3 d6 5. d4 exd4 6. cxd4 Bb4+ 7. Kf1 Qe7 8.
d5 Qxe4 9. Nbd2 Bxd2 10. Nxd2 Qg6 11. dxc6 bxc6 12. Qe2+ Ne7 13. Bd3 1-0